000 00836nam a2200205 i 4500
001 190001
003 ES-MaACL
005 20230906223619.0
008 200304s1976 sp |||| | spa d
080 _a343.34(043.2)
100 1 _aEscrivà Gregori, Josep Maria.
_9169827
245 1 3 _aLa puesta en peligro de bienes jurídicos en la teoría del delito /
_cpor José María Escrivá Gregori.
260 _aBarcelona :
_b[Universidad, Facultad de Derecho],
_c1976.
300 _a14 p. ;
_c24 cm.
502 _aTesis-Univ. Barcelona (Extracto)
594 _aPrecede al tít.: Universidad de Barcelona. Secretariado de Publicaciones, Intercambio Científico y Extensión Universitaria.
650 4 _aPeligrosidad social.
_9169828
710 2 _aUniversidad de Barcelona.
_bFacultad de Derecho.
_97147
852 4 _aES-MaACL
_jP-1414-21
999 _c190001
_d190001